000 00997nam a2200265Ia 4500
003 OSt
005 20221005105857.0
006 a|||||r|||| 00| 0
007 ta
008 221004b |||||||| |||| 00| 0 hin d
020 _a9788126030927 (hbk)
_cINR 300.00
024 _a37486
037 _bBW/1665, 14/03/2018, Bookwell
_cTextual
040 _aCRL
_cCRL
_bhin
041 _2hin
_ahin
082 _aO152,4N11x, Q4
100 _aतिवारी, विश्वनाथ प्रसाद, संपा.
245 0 _aअज्ञेय पत्रावली
246 _aAjnyeya patrāvalī
260 _aनई दिल्ली
_bसाहित्य अकादेमी भारत
_c2014
300 _a396पृ0
_ccm.
650 _aहिन्दी पत्र
942 _hO152,4N11x, Q4
_cTEXL
_2cc
999 _c1017166
_d1017166